000 00626nam a22002057a 4500
005 20260209114657.0
010 _aENG-147754
020 _a9788199249431
_c495.00
035 _aEN-131286
037 _bDBAD
082 _aN
_21
100 _aMukhopadhgyay, Ashoke
_987213
245 _aNo.1 Akashganga Lane/
_cAshoke Mukhopadhgyay [and] Translated By Zenith Roy
250 _a1
260 _aNew Delhi
_bNiyogi Books
_c2026
270 _aBlock D, Building No. 77, Okhla Industrial Area, Phase-I
_bNew Delhi
_e110020
300 _a315p.
_c20cm(pb)
700 _aRoy, Zenith
_eTranslator
_987211
942 _2ddc
_cEN
_hN
_mMUK
999 _c214741
_d214741